000 05286cam a22012854i 4500
003 PE-LiUPU
005 20250813185323.0
008 160203s2014 mx a rb 000 0 spa d
020 _a9786075190815
020 _a6075190813
035 _a(Sirsi) i9786075190815
040 _aPE-LiUPU
_bspa
_dPE-LiUPU
_erda
049 _aPRUA
082 0 4 _a378.242
_bC12
100 1 _aCaballero Romero, Alejandro,
_eautor.
245 1 0 _aMetodología integral innovadora para planes y tesis :
_bla metodología del cómo formularlo /
_cAlejandro Caballero Romero ; revisión técnica por Mtro. Ricardo Soto Ramírez.
264 1 _aMéxico :
_bCencage Learning,
_c2015.
300 _a473 páginas :
_bilustraciones ;
_c23 centímetros
336 _atext
_2rdacontent
337 _aunmediated
_2rdamedia
338 _avolume
_2rdacarrier
504 _Bibliografía : páginas 453-455.
505 0 _aPrimera parte. Fundamentos epistemológicos, lógicos y metodológicos -- La realidad -- Las relaciones entre ciencia ya establecida, investigación y el hacer ciencia -- La investigación científica -- Las funciones del pensar y la investigación científica -- Conocer y conocimiento -- Metodología y métodos -- Lo que hacemos en las entidades o empresas y las ayudas metodológicas más adecuadas -- Segunda parte. Guía para la formulación de los planes de tesis -- El problema -- Los objetivos de una investigación científica -- La hipótesis explicativa de la investigación científica -- Las hipótesis que dieron lugar a grandes descubrimientos -- Los factores y las variables en las investigaciones científicas explicativas -- El diseño de la ejecución del plan como desarrollo de la investigación o tesis -- Tercera parte. Ejemplo de tesis -- Cuarta parte. Guía para el desarrollo de la tesis -- ¿Cómo determinar el índice de la futura tesis? -- ¿Cómo desarrollar el capítulo 1: "Planteamiento metodológico" de la tesis? -- ¿Cómo desarrollar el capítulo 2: "Marco referencial" de la tesis? -- ¿Cómo elaborar los instrumentos para recopilar los datos de campo? -- ¿Cómo desarrollar el capítulo 3: "Descripción de la realidad" de la tesis? -- ¿Cómo desarrollar el capítulo 4: "Análisis de..." de la tesis? -- ¿Cómo desarrollar el capítulo 5: "Conclusiones" de la tesis? -- ¿Cómo desarrollar el capítulo 6: "Recomendaciones" (o similar) de la tesis? -- ¿Cómo desarrollar el capítulo 7: "Bibliografía y anexos" de la tesis? -- Quinta parte. Ejemplo de tesis.
526 _aP202
526 _aP201
526 _aP163
526 _aP162
526 _aP161
526 _aP160
526 _aP148
526 _aP147
526 _aP146
526 _aP145
526 _aP144
526 _aP143
526 _aP142
526 _aP141
526 _aP140
526 _aP139
526 _aP138
526 _aP137
526 _aP136
526 _aP135
526 _aP134
526 _aP133
526 _aP129
526 _aP128
526 _aP127
526 _aP120
526 _aP119
526 _aP118
526 _aP116
526 _aP115
526 _aP114
526 _aP110
526 _aP109
526 _aP108
526 _aP104
526 _aP103
526 _aP102
526 _aP99
526 _aP98
526 _aP97
526 _aP96
526 _aP95
526 _aP93
526 _aP90
526 _aP89
526 _aP88
526 _aP83
526 _aP82
526 _aP62
526 _aP59
526 _aP58
526 _aP57
526 _aP51
526 _aP49
526 _aP48
526 _aP47
526 _aP29
526 _aP24
526 _aP20
526 _aP19
526 _aP17
526 _aP15
526 _aP14
526 _aP12
526 _aP10
526 _aP09
526 _aP08
526 _aP07
526 _aP06
526 _aP05
526 _aP04
526 _aP01
541 _g001-040344;
650 4 _aMetodología-investigación.
650 4 _aMetodología-innovadora.
700 1 _aSoto Ramírez, Mtro. Ricardo,
_erevisor técnico.
910 _aaas
_bjv
_caas
_d20160203
942 _2ddc
_cBOOK
949 _a378.242 C12
_wDEWEY
_c1
_i72489
_lCCODEBUL1
_mBUL
_p21.04
_r0
_sY
_tBOOK
_u2016-02-03
_xFCE
_PP04
_0COMPRA
_o.STAFF. Colección General
949 _a378.242 C12
_wDEWEY
_c2
_i72490
_lCCODEBUL1
_mBUL
_p21.04
_r0
_sY
_tBOOK
_u2016-02-03
_xFCE
_PP04
_0COMPRA
_o.STAFF. Colección General
949 _a378.242 C12
_wDEWEY
_c3
_i72491
_lCCODEBUL1
_mBUL
_p21.04
_r0
_sY
_tBOOK
_u2016-02-03
_xFCE
_PP04
_0COMPRA
_o.STAFF. Colección General
994 _aC0
_bPEPRU
596 _a1
999 _a378.242 C12
_wDEWEY
_c9213
_i72489
_f2021-11-8
_g6
_lCCODEBUL1
_mBUL
_p21.04
_r0
_sY
_tBOOK
_u2016-2-3
_xEDUCACION
_PP04
_0COMPRA
_o.STAFF. Colección General
_d9213
999 _a378.242 C12
_wDEWEY
_c2
_i72490
_f2021-11-8
_g6
_lCCODEBUL1
_mBUL
_p21.04
_r0
_sY
_tBOOK
_u2016-2-3
_xEDUCACION
_PP04
_0COMPRA
_o.STAFF. Colección General
999 _a378.242 C12
_wDEWEY
_c3
_i72491
_d2018-8-10
_f2021-11-8
_g6
_lCCODEBUL1
_mBUL
_p21.04
_q2
_r0
_sY
_tBOOK
_u2016-2-3
_xEDUCACION
_PP04
_0COMPRA
_o.STAFF. Colección General
980 _81
_gALBERTO SANCHEZ Responsable de Automatización